000 01007nam a22002777a 4500
999 _c117084
_d117084
003 dpl
005 20190404130913.0
008 190404b ||||| |||| 00| 0 eng d
010 _aA-963987
020 _c150.00
_a8185829829
035 _aA-963987, A-964014
037 _bCen Lib/Ret
040 _aDPL
_bHN
_c0
082 _a
_bअटला
100 _aअटलानी, भगवान
_969981
245 _aइच्छा /
_cभगवान अटलानी
246 _aIchcha /
_bby Bhagwan Atlani
260 _aदिल्ली
_bज्ञान गंगा
_c1999
270 _bदिल्ली
_a205-सी चावड़ी बाजार
_e110006
300 _a147पृ.
_c20सेमी(सजिल्द)
650 _aहिन्दी साहित्य
_969982
650 _aहिन्दी -- कहानियाँ
_969983
650 _aHindi literature
_969984
650 _aHindi -- Stories
_969985
942 _2ddc
_cHN
_h
_mअटला